000 00305nam a22001217a 4500
082 _a621.3815 MOT'D
100 _aMOTIL, JOHN M
_977559
245 _aDIGITAL SYSTEM FUNDAMENTALS
260 _aTOKYO
_bMCGRAW HILL
_c1972
300 _aXX, 390P
650 _aDIGITAL SYSTEM FUNDAMENTALS
_977560
942 _cBK
999 _c582818
_d582818